Alle Sieger von "Das Supertalent" - Statistiken

Allgemein
  • Dieses Quiz wurde 22 mal gespielt
  • Das Durchschnittsergebnis liegt bei 4 aus 16
Antwortstatistiken
Jahr "Talent" Gewinner/-in % Korrekt
2008 Mundharmonika Michael Hirte
79%
2018 Alles - Schlucker Stevie Star
43%
2009 Hundedressur Yvo Antoni | Prima Donna
43%
2011 Panflöte Leo Rojas
36%
2017 Hundedressur Alexa Lauenburger
29%
2007 Gesang (Oper) Ricardo Marinello
29%
2016 Gesang Angel Flukes
21%
2010 Gesang (Klassik) Freddy Sahin - Scholl
21%
2024 Gesang Alexander Doghmani
14%
2015 Gesang Jay Oh
14%
2012 Klavier & Gesang Jean - Michel Aweh
14%
2013 Hundedressur Lukas Pratschker |Falco
14%
2020 Gesang Nick Ferretti
14%
2021 Gesang (Oper) Elena Turcan
7%
2014 Gesang &Travestie Marcel Kaupp
7%
2019 Akrobatik & Hundedressur Christian Stoinev | Percy
0%
Keine übereinstimmenden Quizze gefunden
Verteilung der Resultate
Anzahl Personen mit jedem Resultat
Perzentil nach korrekt beantworteten Fragen
Ihre Resultats-Entwicklung
Sie haben dieses Quiz noch nicht gespielt